000
00293nam a22001337a 4500
008
180922b xxu||||| |||| 00| 0 eng d
020
_a
9780970776204
041
_a
eng
080
_a
574
100
_a
9
101
_a
MJE
245
_a
The Nature of Nurture
_c
Chasnoff, I.J
942
_2
udc
_c
BK
999
_c
48271
_d
48271